| 000 | 01056cam a22003013a 4500 | ||
|---|---|---|---|
| 001 | 21630 | ||
| 003 | PGUSA | ||
| 005 | 20140828083448.0 | ||
| 008 | 070528s2007||||xxu|||||s|||||000 | eng d | ||
| 040 |
_aPGUSA _beng |
||
| 042 | _adc | ||
| 050 | 4 | _aZ | |
| 100 | 1 |
_aMerryweather, F. Somner _q(Frederick Somner), _d1827-1900 |
|
| 245 | 1 | 0 |
_aBibliomania in the Middle Ages _h[electronic resource] / _cF. Somner Merryweather |
| 260 |
_bProject Gutenberg, _c2007 |
||
| 506 | _aPublic domain in the USA. | ||
| 516 | _aElectronic text | ||
| 653 | _aBook collectors -- England -- Biography | ||
| 653 | _aScriptoria -- England -- History | ||
| 653 | _aEngland -- Intellectual life -- 1066-1485 | ||
| 653 | _aMonastic libraries -- Great Britain -- History | ||
| 653 | _aLibraries -- Great Britain -- History -- 400-1400 | ||
| 653 | _aManuscripts, Medieval -- Collectors and collecting -- England -- History | ||
| 653 | _aBibliomania -- History | ||
| 830 | 0 |
_aProject Gutenberg _v21630 |
|
| 856 | 4 | 0 | _uhttp://www.gutenberg.org/ebooks/21630 |
| 942 | _cEB | ||
| 999 |
_c250885 _d250885 |
||